00565nam a2200169Ia 4500008004100000020001800041041000800059082001600067100002400083245006400107250000600171260003900177300000800216650002200224999001900246952013000265210716s2008 xx 000 0 und d a9788131709351 aeng a004.62 STAW aStallings, William. aComputer networking with internet protocols and technology. a1 aNew DelhibPearson Educationc2008 a660 aComputer Networks c190692d190692 001040708MCAaAIMITbAIMITeKnowledge Worldg445.00l0o004.62 STAWpMCA10200r2025-07-21 00:00:00v333.75w2021-07-16yBK